000
00255 a2200085 4500
100
1
_a
Prangisvili, I.V..
_e
Autor
245
0
_a
Mikroprocessory i mikro-EVM /
_c
Prangisvili I.V..
710
2
_a
Energija.
_e
Wydawca
_4
pbl
260
_a
Moskva :
_b
Energija,
_c
1979.
300
_a
230 s.;
_c
24 cm.
999
_c
10852
_d
10852